Troye Sivan - Something To Give Each Other - Statistics

General Stats
  • This quiz has been taken 30 times
  • The average score is 7 of 10
Answer Stats
2023 Something To Give Each Other % Correct
1 Rush
100%
3 One Of Your Girls
88%
7 Got Me Started
84%
9 Honey
84%
5 Still Got It
72%
8 Silly
68%
2 What's The Time Where You Are?
68%
6 Can't Go Back, Baby
64%
10 How To Stay With You
64%
4 In My Room (feat. Guitarricadelafuente)
44%
No matching quizzes found
Score Distribution
Percent of People with Each Score
Percentile by Number Answered
Your Score History
You have not taken this quiz